00618nam a2200193Ia 4500008004100000020001800041082001500059100001700074245003100091250000700122260004400129300002800173500001900201600003300220650001500253942000700268952013200275999001700407240925s9999 xx 000 0 und d a9781107698543 a801.95 LEW aLewis, C. S. 3aAn Experiment in Criticism aNA aNew York:bCambridge Universityc,2013. axii, 429p.b0fOriginal aIncludes Index aHumanities & Natural Science aLiterature cBK 001040708ETaUITUbUITUd2019-02-03eAllied Book Companyg187.20l0o801.95 LEWpQ14489r2024-09-25 07:17:19w2024-09-25yBK c16988d16988